Issledovanije operacij v zadačach i upražnenijach

Enregistré dans:
Détails bibliographiques
Auteurs principaux: Sucharev, Aleksej Grigorjevič (Auteur), Fedorov, Vjačeslav Vasiljevič (Auteur), Morozov, Vladimir V (Auteur)
Format: Livre
Langue:russe
Publié: Moskva : Vyšča škola, 1986
Édition:1.vyd.
Tags: Ajouter un tag
Pas de tags, Soyez le premier à ajouter un tag!

MARC

LEADER 00000nam a22000003a 4500
001 stu7493
005 20150617225809.5
008 950327s1986----xxr-----------------rus-d
040 |a STU  |b slo 
041 0 |a rus 
044 |a xxr 
080 |a 519.8  |7 A000000398 
100 1 |a Sucharev, Aleksej Grigorjevič  |4 aut 
245 1 |a Issledovanije operacij v zadačach i upražnenijach 
250 |a 1.vyd. 
260 |a Moskva :  |b Vyšča škola,  |c 1986 
300 |a 285 s 
700 1 |a Fedorov, Vjačeslav Vasiljevič  |4 aut 
700 1 |a Morozov, Vladimir V  |4 aut 
996 |b E61350  |c E*61350  |l EE03  |s P  |a 0  |w stu7493_0001